|
|
|
|
| LEADER |
00000nas a22000007a 4500 |
| 005 |
20130315114416.0 |
| 007 |
cr|||| |||| |
| 008 |
130315c20019999pl fr|p s|||| 0|||a1eng d |
| 022 |
|
|
|a 16435877
|
| 035 |
|
|
|a 7229
|
| 040 |
|
|
|a vLex
|
| 090 |
|
|
|c 3929
|d 3929
|
| 245 |
0 |
4 |
|a The Poznan University of Economics Review
|h [Recurso electrn̤ico]
|
| 256 |
|
|
|a Servicio en ln̕ea
|
| 260 |
|
|
|a Poznan :
|b Poznan University of Economics,
|c 2001-
|
| 300 |
|
|
|a 1 Recurso electrn̤ico
|
| 506 |
|
|
|d vLex Global
|d vLex Global (Academic Edition, excluding Law Schools)
|d vLex Global (U.S. Academic Edition, Law Schools)
|d vLex Global (U.S. Academic Edition, excluding Law Schools)
|d vLex Global (Academic Edition, Law Schools)
|
| 650 |
0 |
4 |
|a Economa̕
|v Revistas
|
| 740 |
|
|
|a vLex Revistas (Servicio en ln̕ea)
|
| 856 |
|
|
|a Acceso restringido
|u http://www.vlex.com/source/7229
|
| 942 |
|
|
|c REV
|
| 999 |
|
0 |
|a Economics
|